000
00331nam a22001457a 4500
020
_a
81-7478-628-7
082
_a
920
_b
GOP/S
100
_a
GOPALAN,SHANTI
245
_a
SCIENTISTS OF INTERNATIONAL REPUTE
250
_a
FIRST
260
_a
CHENNAI
_b
SURA BOOKS
_c
2005
300
_a
92
650
_a
BIOGRAPHIES
_z
CHENNAI
942
_c
BK
999
_c
6553
_d
6553